000 00682nam a2200241 i 4500
001 C2-0243488
003 PPAK
005 20180727205106.0
008 021026s1974 ii |||| ||||| | eng d
040 _aPPAK
_beng
_cPPAK
_erda
082 0 4 _a809
_223
090 0 0 _a809
_bWIM
_dKSA
100 1 _aWimsatt, William K.,
_eauthor
245 1 0 _aLiterary criticism :
_ba short history
264 1 _aCalcutta, India :
_bOxford & IBH Publishing ,
_c1974
300 _axviii, 755 pages ;
_c23 cm
336 _2rdacontent
_atext
337 _2rdamedia
_aunmediated
338 _2rdacarrier
_avolume
650 1 0 _aLiterature - History and criticism
700 _eauthor
942 _ddc
_cB
999 _c57957
_d57957